| 000 | 00382cam a2200157ua 4500 | ||
|---|---|---|---|
| 041 |
_aeng _h |
||
| 082 |
_a823.301 _bGRI/HO |
||
| 100 | _aGrimm, Brishers . | ||
| 245 |
_aHouseheld tales / _cBrishers Grimm. _hTextual Documents |
||
| 250 |
_a1 / _b. |
||
| 260 |
_aLondon : _bJ M Dent and Sons Ltd , _c1953. |
||
| 300 | _a372 ; . | ||
| 504 | _a | ||
| 942 | _cBK | ||
| 999 |
_c3887 _d3887 |
||